000 00606nam a22002417a 4500
003 UA-OsUOA
001 48893
007 ta
008 20070913b un ||||| |||| 00| 0 ukr d
100 _aБолабольченко А.
090 _a821.161.2
_bБ79
942 _cBK
040 _aUA-OsUOA
_bukr
_cUA-OsUOA
_dUA-OsUOA
245 _aПрисмак полину
300 _a174 с.
955 _a3
041 _aukr
080 _a821.161.2
020 _a966-8135-15-6
260 _aК.
_c2005
650 7 _a82 Література. Літературознавство
_2UDC
999 _c334946
_d334946